000 00574nam a2200205Ia 4500
003 IIN
005 20240129122607.0
008 231217s9999 xx 000 0 und d
020 _cRs.1395.00
_a9789356961982
040 _aIIN
_bEnglish
082 _a618.2
_bJAC
100 1 _aJacob, Annamma
245 2 _aA Comprehensive Textbook of Midwifery & Gynecological Nursing
_cAnnamma Jacob
250 _a6th ed
260 _bJaypee
_aNew Delhi
_c2023
300 _axxviii, 776p.
_e11plate
650 1 _aGynecology
_vNursing
650 1 _aMidwifery Nursing
942 _cBOOK
999 _c1454
_d1454